|
|
|
|
| LEADER |
02049nam a22003377a 4500 |
| 001 |
37845 |
| 003 |
BD-DhAAL |
| 005 |
20230612105820.0 |
| 008 |
220227t2004 bg ||||| |||| 001 0 ben d |
| 020 |
|
|
|a 9848229078
|
| 040 |
|
|
|a BD-DhAAL
|c BD-DhAAL
|
| 041 |
|
|
|a ben
|
| 082 |
|
|
|a 891.44
|2 23
|
| 100 |
|
|
|a শরীফ, আহমদ
|9 46123
|
| 245 |
|
|
|a বাঙালী ও বাঙলা সাহিত্য,
|n ১ /
|c আহমদ শরীফ
|
| 246 |
|
|
|a Bangalee o bangla sahitya :
|b [men & literature of Bengal]
|
| 250 |
|
|
|a দ্বিতীয় প্রকাশ
|
| 260 |
|
|
|a ঢাকা :
|b নিউ এজ পাবলিকেশন্স,
|c ১৯৯৯ [পুনর্মুদ্রণ ২০০৪, ২০০৮, ২০২০].
|
| 300 |
|
|
|a ৪৭১ পৃষ্ঠা :
|b চিএ ;
|c ২১ সে.মি.
|
| 362 |
|
|
|a প্রথম খণ্ড
|
| 500 |
|
|
|a নির্ঘণ্ট অন্তর্ভুক্ত।
|
| 526 |
|
|
|a GenEd
|
| 541 |
|
|
|a Complimentary copy from BIED, Development Book Agency
|e 37845, 40565, 40566, 18943
|
| 650 |
|
|
|a Bengali literature.
|9 46124
|
| 852 |
|
|
|a Ayesha Abed Library
|c BIED Collection
|
| 942 |
|
|
|2 ddc
|c BK
|
| 999 |
|
|
|c 43594
|d 43594
|
| 952 |
|
|
|0 0
|1 0
|2 ddc
|4 0
|6 891_440000000000000_SHA
|7 0
|9 69909
|a BRACUL
|b BRACUL
|c GEN
|d 2022-02-27
|e Complimentary copy from BIED
|l 1
|m 4
|o 891.44 SHA
|p 3010037845
|r 2025-07-21
|s 2025-07-08
|t 1
|w 2022-02-27
|y BK
|x Transferred from BIED to General Stacks
|
| 952 |
|
|
|0 0
|1 0
|2 ddc
|4 0
|6 891_440000000000000_SHA
|7 0
|9 72635
|a SCL
|b SCL
|c GEN
|d 2023-01-04
|e Development Book Agency
|g 360.00
|l 3
|m 4
|o 891.44 SHA
|p 3020040566
|r 2026-05-21
|s 2025-04-23
|t 3
|v 360.00
|w 2023-01-04
|y BK
|
| 952 |
|
|
|0 0
|1 0
|2 ddc
|4 0
|6 891_440000000000000_SHA
|7 0
|9 72636
|a SCL
|b SCL
|c GEN
|d 2023-01-04
|e Development Book Agency
|g 360.00
|l 2
|m 1
|o 891.44 SHA
|p 3020040565
|r 2025-03-16
|s 2025-02-12
|t 2
|v 360.00
|w 2023-01-04
|y BK
|
| 952 |
|
|
|0 0
|1 0
|2 ddc
|4 0
|6 891_440000000000000_SHA
|7 0
|9 73773
|a BIGD
|b BIGD
|c GEN
|d 2023-06-12
|g 260.00
|l 0
|o 891.44 SHA
|p 3050018943
|r 2023-06-12
|t 4
|v 260.00
|w 2023-06-12
|y BK
|x Transfer from BDI to BIGD.
|